Guess the correct Star Wars related answer - Statistics

General Stats
  • This quiz has been taken 17 times
  • The average score is 66 of 200
Answer Stats
Hint Answer % Correct
Was a Jedi and Sith(fought Vitiate) Revan
71%
Killed Yaddle Count Dooku
64%
Created the Rule of Two Darth Bane
64%
Killed on Felucia Aayla Secura
57%
Known as Snips Ahsoka Tano
57%
The Chosen One Anakin Skywalker
57%
Ship that looks like a A A-wing
57%
What does BBY stand for Before Battle of Yavin
57%
Removed his inhibitor chip with the help of Ahsoka Captain Rex
57%
Commander of the 212th Attack Battalion Commander Cody
57%
What Planet is Yoda hiding at Dagobah
57%
Joined the Bad Batch after being declared dead Echo
57%
Sniper for Omega Squad Fi
57%
Shot by Commander Fox Fives
57%
Who shot first Han Solo
57%
Killed on Mygeeto Ki-Adi-Mundi
57%
Killed during the Chancellor's arrest Kit Fisto
57%
Killed during the Chancellor's arrest Mace Windu
57%
Famous for saying "Hello there" | Who did Luke mimic is lightsaber after Obi-Wan Kenobi
57%
Killed on Cato Neimoidia Plo Koon
57%
Impaled by Darth Maul on Naboo Qui-Gon Jinn
57%
What Planet is Obi Wan hiding at Tatooine
57%
What group of people are known as the Sand People Tusken Raider
57%
Ship That looks like a U U-Wing
57%
Ship that looks like a X X-wing
57%
Grandmaster during the Clone Wars Yoda
57%
Ship that looks like a Y Y-wing
57%
Apprentice to Dooku (sith assassin) Asajj Ventress
50%
What is Mandalorian armor made from Beskar
50%
Sniper for the Bad Batch Crosshair
50%
Lost his jaw to his master Darth Malak
50%
Known as the Lord of Hunger Darth Nihilus
50%
What is the Mandalorian group that Pre Vizsla rule Death Watch
50%
What Planet is Palpatine's final order Exegol
50%
Who pilots the Ghost Hera Syndulla
50%
Srgt. for the Bad Batch Hunter
50%
Who are the dark Jedi that hunt surviving Jedi Inquisitors
50%
what is the homeworld of the clones Kamino
50%
One of the only people to have a Cross guard lightsaber Kylo Ren
50%
What is the homeworld of Ezra Lothal
50%
What group is Mother Talzin apart of Nightsisters
50%
Who commands the droid foundries on Geonosis Poggle the Lesser
50%
What stormtroopers ride the speeder bikes on Endor Scout Troopers
50%
You can fight this Jedi Council member in the Force Unleashed Shaak Ti
50%
Secret apprentice to Darth Vader Starkiller
50%
Technician for the Bad Batch Tech
50%
Died after his Inhibitor Chip failed Tup
50%
What color is Ahsoka's last lightsaber White
50%
Heavy for the Bad Batch Wrecker
50%
Savage Opress impaled this Jedi with his horns Adi Gallia
43%
What Planet does Luke go to during his exile Ahch-To
43%
What is the name of a AT-AT All Terrain Armored Transport
43%
What process makes a lightsaber red Bleeding
43%
Ship that is designated as "B-Fighter" during the production of Return of the Jedi B-wing
43%
His master is Jaro Tapal Cal Kestis
43%
Jedi Temple Battlemaster that was killed by Anakin Cin Drallig
43%
What clan is led by Pre Vizsla Clan Vizsla
43%
Commander of the 327th Star Corps Commander Bly
43%
Commander of the Coruscant Guard Commander Fox
43%
What type of lightsaber is Kylo Ren's Crossguard
43%
Attacked the Jedi Temple 300 yrs. after Revan's time Darth Malgus
43%
Master to Palpatine Darth Plagueis
43%
Known to use 3 purple lightsabers by using telekinesis Darth Traya
43%
What Planet is Darth Maul from Dathomir
43%
Known as "Jabba the Hutt, Dev Morgan, Lando Calrissian, and Brom Titus" Ezra Bridger
43%
What is the ship that Zeb and Chopper fly in Ghost
43%
Who is the Chiss officer that commands the blockade on Lothal Grand Admiral Thrawn
43%
Commander of Inferno Squad Iden Versio
43%
Arc Trooper that was killed after Maul sabotaged the reactor of a destroyer Jesse
43%
What Powers a lightsaber Kyber crystal
43%
What planet is home to the Quarren Mon Cala
43%
Is Endor a Moon No
43%
Shot by Dogma Pong Krell
43%
What starfighter does Din Djarin have Razor Crest
43%
What fighter squadron is Red-5 apart of Red Squadron
43%
Leader of the Knights of Ren before Kylo Ren
43%
What is the shorter lightsaber that Ahsoka uses called Shoto
43%
What is this code: Peace is a lie, there is only passion.Through passion, I gain strength. Through strength, I gain power. Through power, I gain victory. Through victory, my chains are broken. The Force shall free me. Sith Code
43%
What is Vader's flagship called The Executor
43%
What ship does Cal Kestis travel in The Mantis
43%
What Tie Fighter does Darth Vader pilot Tie Advanced
43%
Shot by Tup Tiplar
43%
Impaled by Count Dooku during the Son of Dathomir comic Tiplee
43%
What species is Darth Maul Zabrak
43%
Known as Vader's Fist 501st
36%
Killed during the Chancellor's arrest Agen Kolar
36%
What is the name of a AT-ST All Terrain Scout Transport
36%
What ship was Jag in when he shot down Plo Koon Arc-170
36%
Revan's Wife Bastila Shan
36%
What type of blaster do Wookies use Bowcaster
36%
What Mandalorian is with Revan Canderous Ordo
36%
Commander of the 501st Commander Appo
36%
Commander of the 21st Nova Corps(also known as the Galactic Marines) Commander Bacara
36%
Commander of the 41st Elite Corps Commander Gree
36%
Commander of the 104th Battalion Commander Wolffe
36%
Who created the One True Sith Darth Krayt
36%
Body held together by the Dark Side | What sith holds his body together with hate (also known as the Lord of Hatred) Darth Sion
36%
First person to use a Double-Bladed lightsaber Exar Kun
36%
What system was destroyed by Starkiller Base Hosnian System
36%
What Planet is Starkiller base made from Ilum
36%
Medic for the 501st Kix
36%
Demolition for Delta Squad Scorch
36%
What stormtroopers are used for coastal defense (they were on Scariff) Shoretroopers
36%
Killed on Saleucami Stass Allie
36%
Created the Darksaber Tarre Vizsla
36%
Where is Exar Kun's spirit trapped Yavin 4
36%
How many clones were already produced by the start of the Clone Wars 200,000
29%
Vehicle used by ARF troopers AT-RT
29%
Srgt. Of Delta Squad Boss
29%
Captain of the 322nd Captain Vaughn
29%
Commander of the 91st Mobile Reconnaissance Corps Commander Neyo
29%
What is the homeworld of Jango Fett Concord Dawn
29%
They are the other member of Krayt's Hand Darth Talon
29%
The Sith Emperor Darth Vitiate
29%
What is the standard blaster used by clone troopers DC-15A
29%
What is the pistol used by Clone Officers DC-17
29%
Sniper for Inferno Squad Del Meeko
29%
Killed on Kaller Depa Billaba
29%
What blaster is used by Stormtroopers E-11
29%
Sacrificed himself on Umbara Hardcase
29%
What device allows Jedi to store and transmit ancient knowledge Jedi Holocron
29%
Known as the Exile Meetra Surik
29%
What is Bo-Katan's type of Mandalorians called Nite Owls
29%
Killed during the Chancellor's arrest Saesee Tinn
29%
Sniper for Delta Squad Sev
29%
What is the name for the Republic era Star Destroyer Venator-Class
29%
What is the other name for the 104th Battalion Wolfpack
29%
How many clones held the highest rank(most known) 4
21%
Known as the first sith Ajunta Pall
21%
Who trained the Clone commanders Alpha 17
21%
Known as Darth Krayt (his Jedi Name) A'Sharad Hett
21%
Captain of the Muunilinst 10 Captain Fordo
21%
Manipulated the Jedi Chancellor Palpatine
21%
Commander of Rancor Battalion (starts with a C) Commander Colt
21%
One of the Clones that found Vader on Mustafar Commander Thire
21%
Commander of the Coruscant Guard that had a Z-6 rotary blaster cannon Commander Thorn
21%
Filled in for one of Omega Squad's members Corr
21%
Who does Darth Bane locate to find the knowledge of essence transfer Darth Andeddu
21%
Who is Darth Bane's apprentice Darth Zannah
21%
Technician for Delta Squad Fixer
21%
Second in command for Inferno Squad Gideon Hask
21%
Hutt that collects Jedi artifacts Grakkus
21%
Red Arc Trooper from Rancor Battalion that didn't die during the Battle of Kamino Hammer
21%
Blue Arc Trooper of Rancor Battalion Havoc
21%
Who killed Darth Caedus Jaina Solo
21%
Where is the sith academy that bane trained at Korriban
21%
Killed The Exile Lord Scourge
21%
Wife to Luke Skywalker Mara Jade Skywalker
21%
What is the Jedi Temple on Coruscant on top of Sith shrine
21%
Emperor Palpatine uses this Super Star Destroyer after he is reborn (Legends) The Eclipse
21%
What shipyard can produce an endless supply of ships The Star Forge
21%
How many Clone Commandos died during the first battle of Geonosis 5000
14%
Who is the tallest clone trooper at 6'10" Axe
14%
What virus causes Stormtroopers to turn into zombies Blackwing virus
14%
Yellow Arc Trooper from Rancor Battalion Blitz
14%
Clone Captain shot by Aurra Sing Captain Ponds
14%
Who does Darth Bane's apprentice take as their apprentice Darth Cognus
14%
He is one of Krayt's Hand Darth Nihl
14%
He the 3rd person to have this name and serve Darth Krayt Darth Wyyrlok III
14%
What does Cade Skywalker use to make Luke's ghost go away Deathsticks
14%
501st clone shot by Cad Bane after he stole his armor Denal
14%
Sergeant of the Coruscant Guard that used the massiffs Hound
14%
Who is known as Darth Caedus Jacen Solo
14%
What is the ancient name for jedi Je'daii
14%
Who used The Thought Bomb Kaan
14%
Known as a Larty LAAT Gunship
14%
Who did Vader fight on Mustafar (this person is a sith) Lord Momin
14%
What are Maul's Mandalorians called Mauldalorians
14%
Srgt. of Omega Sqaud Niner
14%
What Sith order does Darth Krayt create The One Sith
14%
What Species is invisible to the force (appears in the Vector Prime book) Yuuzhan Vong
14%
Engineer for SCAR Squadron Aero
7%
What type of arc trooper is Alpha-17 Alpha Arcs
7%
Technician for Omega Squad Atin
7%
Left the Jedi Order to be a Mandalorian Bardan Jusik
7%
Interrogation specialist for SCAR Squadron Cav
7%
What is the highest rank a clone can recieve Clone Marshal Commander
7%
Demolition for Omega Squad Darman
7%
What was the fatal blow for Jango Fett Decapitation
7%
What type of lightsaber do the inquisitors use Double-bladed spinning lightsaber
7%
Had a baby with a Clone Etain Tur Mukan
7%
What is Coruscant called during the Imperial era Imperial City
7%
Trained Omega Squad Kal Skirata
7%
What type of armor do clone commandos wear Katarn-class
7%
Leader of SCAR Squadron Kreel
7%
Master to Darth Malgus Lord Vindican
7%
Arc Trooper who deserted to Mandalore after disobeying Order 66 Maze
7%
Tech specialist Mic
7%
Sniper for SCAR Squadron Misty
7%
What is the second ship that Din Djarin has N-1 Naboo Starfighter
7%
Captain of the Null Arcs Ordo
7%
Ancestor to Revan, was also Grandmaster Satale Shan
7%
Explosive expert for SCAR Squadron Shrap
7%
First Arc Trooper to desert Spar
7%
Alpha Arc that deserted to Mandalore with this clone (starts with a S) Sull
7%
What was the group of clones that Kal Skirata saved when they were young The Null Arcs
7%
Trained Delta Squad Walon Vau
7%
Demolition for SCAR Squadron Zuke
7%
No matching quizzes found
Score Distribution
Percent of People with Each Score
Percentile by Number Answered
Your Score History
You have not taken this quiz